000 00535nam a22002057a 4500
001 00028562
005 20260313112905.0
008 260313b ag ||||| |||| 00| 0 spa d
020 _a9504000177
040 _aAR-CcCEOS
_bspa
_cAR-CcCEOS
041 _aspa
080 _a316
090 _bLEV
100 1 _aLévi-Strauss, Claude
_9889
245 _aMito y Significado /
_cClaude Lévi-Strauss
264 _aBuenos Aires :
_bAlianza,
_cc1978.
300 _a316 p. ;
_c19x13 cm.
650 0 _asociología
_9890
942 _2udc
_cBK
_n0
999 _c28592
_d28592